Online
Catalog

Si yo pude, ¡tu también! : (Record no. 59067)

MARC details
000 -CABECERA
campo de control de longitud fija 02249nam a2200289 i 4500
003 - IDENTIFICADOR DEL NÚMERO DE CONTROL
campo de control DO-SdBNP
005 - FECHA Y HORA DE LA ÚLTIMA TRANSACCIÓN
campo de control 20250521104551.0
007 - CAMPO FIJO DE DESCRIPCIÓN FÍSICA--INFORMACIÓN GENERAL
campo de control de longitud fija ta
008 - DATOS DE LONGITUD FIJA--INFORMACIÓN GENERAL
campo de control de longitud fija 250520b2010 dr ac||| |||| 00| 0 spa d
020 ## - NÚMERO INTERNACIONAL ESTÁNDAR DEL LIBRO
Número Internacional Estándar del Libro 9789945003925
040 ## - FUENTE DE LA CATALOGACIÓN
Centro catalogador/agencia de origen DO-SdBNP
Lengua de catalogación spa
Centro/agencia transcriptor BNPHU
Normas de descripción rda
041 ## - CÓDIGO DE LENGUA
Código de lengua del texto/banda sonora o título independiente spa
082 #4 - NÚMERO DE LA CLASIFICACIÓN DECIMAL DEWEY
Número de clasificación xxx
Número de documento/Ítem M538s
Número de edición 22
100 ## - ENTRADA PRINCIPAL--NOMBRE DE PERSONA
Nombre de persona Méndez Capellán, Víctor,
Fechas asociadas al nombre 1927-
Término indicativo de función/relación autor
Código de función/relación aut.
9 (RLIN) 20981
245 13 - MENCIÓN DE TÍTULO
Título Si yo pude, ¡tu también! :
Resto del título consejos para una vida exitosa /
Mención de responsabilidad, etc. Víctor Méndez Capellán ; cuidado de edición, Freddy Ortiz.
250 ## - MENCIÓN DE EDICIÓN
Mención de edición Primera edición
264 #4 - PRODUCCIÓN, PUBLICACIÓN, DISTRIBUCIÓN, FABRICACIÓN Y COPYRIGHT
Producción, publicación, distribución, fabricación y copyright Santo Domingo, República Dominicana :
Nombre del de productor, editor, distribuidor, fabricante Editora Corripio,
Fecha de producción, publicación, distribución, fabricación o copyright ©2010.
300 ## - DESCRIPCIÓN FÍSICA
Extensión 142 páginas :
Otras características físicas ilustraciones, retratos ;
Dimensiones 23 cm.
336 ## - TIPO DE CONTENIDO
Término de tipo de contenido texto
Código de tipo de contenido txt
Fuente rdacontent
337 ## - TIPO DE MEDIO
Nombre/término del tipo de medio sin mediación
Código del tipo de medio n
Fuente rdamedia
338 ## - TIPO DE SOPORTE
Nombre/término del tipo de soporte volumen
Código del tipo de soporte nc
Fuente rdacarrier
505 ## - NOTA DE CONTENIDO CON FORMATO
Nota de contenido con formato El objetivo de este libro 7 -- Certifico y doy fe 11 -- Amanece 19 -- En busca de mi primera empresa 27 -- Venta de frío-frío 31 -- La señorita Gómez y las biografías 33 -- De lustrador a zapatero remendón 37 -- ¡Quiero ser guardia! 41 -- ¡Y soldado fui ! 45 -- Más bien...¡siempre he sido guardia ! 49 -- Trujillo, otra vez 51 -- De la guardia a billetero 55 -- Dos mujeres en mi vida 59 -- Más que empleados, socios 63 -- Diversificación y autofinanciamiento 67 -- “Agencia de viajes nacionales e internacionales Víctor Méndez Capellán” 71 -- El Golf, cuando aquello era privilegio 75 -- Pan American y American Express 79 -- Hacia la “geffrard” 83 -- Refrigeración Dominicana 87 -- Finetta, o el éxito de la persistencia 91 -- Finetta y el mito de la esposa en los negocios 97 -- Jarabacoa 101 -- Casas económicas para los pobres 105 -- Alimentos Vimenca y la muerte de mi primer hijo 107 -- La necesidad creó a Remesas Vimenca Luego llegó Western Union 115 -- Los Call Centers. Nace “Data Vimenca ”119 -- El Banco Vimenca 121 -- Cómo hacer amigos. El ejemplo Charles T. Fote 123 -- La devoción por la oración y la fuerza de la fe 129 -- La apariencia física 133 -- La familia y la inversión en educación 135 -- 82 años después 139
590 ## - NOTA LOCAL (RLIN)
Nota local Inventariado, 2025 /LP
700 1# - PUNTO DE ACCESO ADICIONAL--NOMBRE DE PERSONA
Nombre de persona Ortiz, Freddy
Término indicativo de función/relación editor
Código de función/relación ed.
9 (RLIN) 61927
910 ## - DATOS DE OPCIÓN DEL USUARIO (OCLC)
Datos de opción del usuario LP
942 ## - ELEMENTOS DE PUNTO DE ACCESO ADICIONAL (KOHA)
Fuente del sistema de clasificación o colocación Dewey Decimal Classification
Tipo de ítem Koha Libro
Holdings
Estado de retiro Estado de pérdida Fuente del sistema de clasificación o colocación Restricciones de uso No para préstamo Código de colección Localización permanente Ubicación/localización actual Ubicación en estantería Fecha de adquisición Fuente de adquisición Total de préstamos Signatura topográfica completa Código de barras Fecha visto por última vez Precio válido a partir de Tipo de ítem Koha
    Dewey Decimal Classification Excluido de préstamo   Patrimonio Dominicano Biblioteca Nacional Pedro Henríquez Ureña Biblioteca Nacional Pedro Henríquez Ureña En catalogación 14.10.2024 Donado por Elena Núñez   xxx M538s 2025-4445 20.05.2025 20.05.2025 Libro

Powered by Koha